<?xml version="1.0" encoding="UTF-8"?><?xml-stylesheet type="text/xsl" href="static/style.xsl"?><OAI-PMH xmlns="http://www.openarchives.org/OAI/2.0/" xmlns:xsi="http://www.w3.org/2001/XMLSchema-instance" xsi:schemaLocation="http://www.openarchives.org/OAI/2.0/ http://www.openarchives.org/OAI/2.0/OAI-PMH.xsd"><responseDate>2026-04-14T03:08:18Z</responseDate><request verb="GetRecord" identifier="oai:www.recercat.cat:2445/55549" metadataPrefix="marc">https://recercat.cat/oai/request</request><GetRecord><record><header><identifier>oai:recercat.cat:2445/55549</identifier><datestamp>2025-12-05T10:46:28Z</datestamp><setSpec>com_2072_1057</setSpec><setSpec>col_2072_478775</setSpec><setSpec>col_2072_478917</setSpec></header><metadata><record xmlns="http://www.loc.gov/MARC21/slim" xmlns:dcterms="http://purl.org/dc/terms/" xmlns:xsi="http://www.w3.org/2001/XMLSchema-instance" xmlns:doc="http://www.lyncode.com/xoai" xsi:schemaLocation="http://www.loc.gov/MARC21/slim http://www.loc.gov/standards/marcxml/schema/MARC21slim.xsd">
   <leader>00925njm 22002777a 4500</leader>
   <datafield ind2=" " ind1=" " tag="042">
      <subfield code="a">dc</subfield>
   </datafield>
   <datafield ind2=" " ind1=" " tag="720">
      <subfield code="a">Abadal, Ernest</subfield>
      <subfield code="e">author</subfield>
   </datafield>
   <datafield ind2=" " ind1=" " tag="720">
      <subfield code="a">Ollé i Castellà, Candela</subfield>
      <subfield code="e">author</subfield>
   </datafield>
   <datafield ind2=" " ind1=" " tag="720">
      <subfield code="a">Abad García, María Francisca</subfield>
      <subfield code="e">author</subfield>
   </datafield>
   <datafield ind2=" " ind1=" " tag="720">
      <subfield code="a">Melero Melero, Remedios</subfield>
      <subfield code="e">author</subfield>
   </datafield>
   <datafield ind2=" " ind1=" " tag="260">
      <subfield code="c">2014-07-07T11:43:53Z</subfield>
   </datafield>
   <datafield ind2=" " ind1=" " tag="260">
      <subfield code="c">2014-07-07T11:43:53Z</subfield>
   </datafield>
   <datafield ind2=" " ind1=" " tag="260">
      <subfield code="c">2013</subfield>
   </datafield>
   <datafield ind2=" " ind1=" " tag="260">
      <subfield code="c">2014-07-07T11:43:53Z</subfield>
   </datafield>
   <datafield ind2=" " ind1=" " tag="520">
      <subfield code="a">El objetivo del artículo es analizar el estado de la cuestión de las políticas en favor del acceso abierto (OA) a la ciencia en las universidades españolas. Para ello se han establecido cinco grandes mecanismos de intervención (la creación de infraestructuras y prestación de servicios, la comunicación y difusión, la incentivación económica, la coordinación institucional así como la reglamentación u obligación) que permiten llevar a cabo políticas a favor del acceso abierto y que hemos utilizado para el análisis y la valoración de la situación. La recogida de datos se ha basado en un cuestionario enviado a los vice-rectores de investigación y se ha complementado con la consulta de directorios de repositorios, revistas científicas españolas y políticas institucionales de acceso abierto. Los resultados muestran un panorama diversificado en relación a las actuaciones llevadas a cabo, pero han permitido clasificar las universidades en cinco grupos en función del número y de la calidad de acciones que han realizado. El primero, formado por siete universidades (9% del total) que disponen de una política completa en acceso abierto. El segundo incluye a doce universidades (16%) con una política destacada. El tercero, diecisiete centros (23%) con una política encaminada y el cuarto incluye otras diecisiete universidades (23%) que han implementado una o dos acciones. Finalmente, quedan las 21 universidades (28%) que no disponen de ninguna acción para favorecer el acceso abierto a la ciencia.</subfield>
   </datafield>
   <datafield tag="653" ind2=" " ind1=" ">
      <subfield code="a">Accés obert</subfield>
   </datafield>
   <datafield tag="653" ind2=" " ind1=" ">
      <subfield code="a">Ciència</subfield>
   </datafield>
   <datafield tag="653" ind2=" " ind1=" ">
      <subfield code="a">Universitats</subfield>
   </datafield>
   <datafield tag="653" ind2=" " ind1=" ">
      <subfield code="a">Espanya</subfield>
   </datafield>
   <datafield tag="653" ind2=" " ind1=" ">
      <subfield code="a">Open access publishing</subfield>
   </datafield>
   <datafield tag="653" ind2=" " ind1=" ">
      <subfield code="a">Science</subfield>
   </datafield>
   <datafield tag="653" ind2=" " ind1=" ">
      <subfield code="a">Universities</subfield>
   </datafield>
   <datafield tag="653" ind2=" " ind1=" ">
      <subfield code="a">Spain</subfield>
   </datafield>
   <datafield ind2="0" ind1="0" tag="245">
      <subfield code="a">Políticas de acceso abierto a la ciencia en las universidades españolas</subfield>
   </datafield>
</record></metadata></record></GetRecord></OAI-PMH>